000 01603nam a22004097a 4500
003 CHAP
005 20220329143800.0
008 110812s2011 mx r 00010 spa d
010 _a101808
011 _a102780
035 _a113469
040 _cCHAP
090 _aTesis
100 1 _aPérez Martínez, Rosalía Verónica.
_989837
245 1 0 _aContenido de carbono en ecosistemas del Cerro Tláloc, Texcoco, México
_h[En línea]
_c/por Rosalía Verónica Pérez Martínez
260 _aChapingo, Méx. :
_bEl autor,
_c2011
500 _aPara ver el contenido del material haga clic en la liga
502 _aTesis (M.C. en Agroforestería para el Desarrollo Sostenible) -- UACH.
590 _aALEPH
_b10
_c20130110
_lUCH01
_h1541
590 _aBATCH-UPD
_b10
_c20130110
_lUCH01
_h0849
590 _aBATCH-UPD
_b10
_c20130410
_lUCH01
_h0522
590 _aBATCH-UPD
_b10
_c20130914
_lUCH01
_h0725
590 _aBATCH-UPD
_b10
_c20140324
_lUCH01
_h1527
590 _aBATCH-UPD
_b10
_c20141002
_lUCH01
_h0850
590 _aCONVERSION
_b10
_c20130109
_lUCH01
_h1356
650 1 4 _aÁrboles
_xVariedades.
_982441
650 1 4 _aBosques
_zMéxico (Edo.).
_914419
650 1 4 _aCarbono
_xEfecto en plantas.
_918831
650 1 4 _aEcosistema
_zMéxico (Edo.).
_935293
650 1 4 _aMontañas.
_977735
650 1 4 _aSuelos
_xCarbono.
_9110232
856 _3Finding aid
_uhttp://10.13.5.2/tesis/113469.pdf
_zTeclea aqui
901 _aBK
942 _cFOLL
949 _aTesis
_bBC
_cTES
_d33724002300512
_eTS1
_gDonaciØn
_h52588
_i113469
_st
949 _aTesis
_bBC
_cTES
_d33724002300553
_eTS2
_fc.2
_gDonaciØn
_h52589
_i113469
_st
999 _c101808
_d101808